000 01199nam a22002057a 4500
003 AM-YEHGA
005 20250617163642.0
008 210603b ||||| |||| 00| 0 rus d
040 _aAM-YeHGA
041 0 _arus
245 0 0 _aПрименение скреперо-струговых установок на шахтах Бельгии :
_b(По материалам 3-й Конференции, провед. Бельг. науч.-исслед. угольным ин-том "Инишар" в апр. 1960 г.)
260 _aМосква :
_bБ. и.,
_c1961
300 _a80 с.,
_bил.
440 0 _aСерия "Механизация и автоматизация добычи и обогащения угля и горное оборудование". Зарубежная техника/ Гос. ком. Совета Министров СССР по координации науч.-исслед. работ. Центр. ин-т техн. информации угольной пром-сти
653 0 _aУгольные струги - Эксплуатация
653 0 _aУгледобыча - Механизация
942 _2udc
_cBK
001 1772552
090 _c513803
999 _c510337
_d510337